Central Library OPAC University of Rajshahi

The grapes of wrath / (Record no. 20448)

MARC details
000 -LEADER
fixed length control field 00668nam a2200229 a 4500
001 - CONTROL NUMBER
control field 20448
003 - CONTROL NUMBER IDENTIFIER
rucl marc code BD-RjUL
005 - DATE AND TIME OF LATEST TRANSACTION
control field 20211209000551.0
008 - FIXED-LENGTH DATA ELEMENTS--GENERAL INFORMATION
fixed length control field 140301s1939 enk 000 1 eng d
035 ## - SYSTEM CONTROL NUMBER
System control number oxf98501587
System control number (OCoLC)14030326
-- (BD-RjUL)20510
040 ## - CATALOGING SOURCE
Original cataloging agency UPM
Transcribing agency UPM
Modifying agency m.c
-- OCL
-- EQO
-- BD-RjUL
Language of cataloging eng
041 ## - LANGUAGE CODE
Language code of text/sound track or separate title eng
082 04 - DEWEY DECIMAL CLASSIFICATION NUMBER
Classification number 823
Author mark and year STG 1969
100 1# - MAIN ENTRY--PERSONAL NAME
Personal name Steinbeck, John,
Dates associated with a name 1902-1968.
9 (RLIN) 63055
245 14 - TITLE STATEMENT
Title The grapes of wrath /
Statement of responsibility, etc. by John Steinbeck.
260 ## - PUBLICATION, DISTRIBUTION, ETC. (IMPRINT)
Place of publication, distribution, etc. London :
Name of publisher, distributor, etc. Heinemann,
Date of publication, distribution, etc. c1939, [ Reprinted1969].
300 ## - PHYSICAL DESCRIPTION
Pagination 416 p. ;
Size 20 cm
650 07 - SUBJECT ADDED ENTRY--TOPICAL TERM
Source of heading or term SLSH
Topical term or geographic name as entry element English Fiction.
9 (RLIN) 63056
942 ## - ADDED ENTRY ELEMENTS (KOHA)
Source of classification or shelving scheme Dewey Decimal Classification
Koha item type Books
Holdings
Lost status Source of classification or shelving scheme Damaged status Not for loan Permanent Location Current Location Shelving location Date acquired Source of acquisition Cost, normal purchase price Total Checkouts Full call number Date last seen Copy number Koha item type Collection code
  Dewey Decimal Classification   Added to bundle Central Library, University of Rajshahi Central Library, University of Rajshahi Reading Room 01/11/1990 shaukat Osman, Dhaka 0.00   823 STG 1969 01/03/2014 C-1 Books  
  Dewey Decimal Classification     Central Library, University of Rajshahi Central Library, University of Rajshahi   16/11/1957 O. U. P 8.86   823 STG 1969 08/03/2014 C-2 Books Fiction